[Event "Bergisch Gladbach-ch"]
[Site "Bergisch Gladbach"]
[Date "1996.10.04"]
[Round "7"]
[White "Nowok, Alois"]
[Black "Buchner, W."]
[Result "0-1"]
[WhiteElo "1449"]
[BlackElo "1718"]
[PlyCount "76"]
[EventDate "1996.08.??"]
[EventType "swiss"]
[EventRounds "7"]
[EventCountry "GER"]
[SourceTitle "EXT 2005"]
[Source "ChessBase"]
[SourceDate "2004.11.15"]
[SourceVersion "1"]
[SourceVersionDate "2004.11.15"]
[SourceQuality "1"]

1. Nf3 e6 2. e4 Nf6 3. e5 Nd5 4. c4 Nf4 5. d4 Ng6 6. a3 Be7 7. Bd3 0-0 8. Be3 d5 9. c5 c6 10. b4 Nd7 11. Nbd2 Qe8 12. Ng5 Nb8 13. h4 f5 14. Qh5 h6 15. Nh3 Nxh4 16. Qxe8 Rxe8 17. Nf4 g5 18. Nh5 Nxg2+ 19. Ke2 Nxe3 20. fxe3 Kh7 21. Rh2 Kg6 22. Rah1 Rh8 23. Nf3 b6 24. Rg1 Na6 25. Kd2 Bb7 26. Be2 Nc7 27. Rhg2 g4 28. Nf4+ Kf7 29. Nh5 bxc5 30. dxc5 a5 31. Nd4 axb4 32. Rb1 Bxc5 33. axb4 Bxd4 34. exd4 Nb5 35. Rf2 Nxd4 36. Bxg4 Ra2+ 37. Ke1 Rxf2 38. Kxf2 fxg4 0-1

[Event "Bergisch Gladbach-ch"]
[Site "Bergisch Gladbach"]
[Date "1996.09.27"]
[Round "6"]
[White "Buchner, W."]
[Black "Ommer, Hans"]
[Result "1-0"]
[WhiteElo "1718"]
[BlackElo "1422"]
[PlyCount "67"]
[EventDate "1996.08.??"]
[EventType "swiss"]
[EventRounds "7"]
[EventCountry "GER"]
[SourceTitle "EXT 2005"]
[Source "ChessBase"]
[SourceDate "2004.11.15"]
[SourceVersion "1"]
[SourceVersionDate "2004.11.15"]
[SourceQuality "1"]

1. d4 c5 2. Nf3 cxd4 3. Nxd4 Nc6 4. Nxc6 bxc6 5. e3 Qb6 6. Nc3 Ba6 7. Bd3 Nf6 8. 0-0 Bxd3 9. Qxd3 e6 10. a3 Be7 11. b4 0-0 12. Ne2 d5 13. Bb2 Nd7 14. c4 Bf6 15. c5 Qc7 16. Bxf6 Nxf6 17. Nd4 a6 18. h3 e5 19. Nb3 Ne8 20. Rad1 f5 21. Na5 e4 22. Qb3 Rf6 23. Rxd5 Rf7 24. Rxf5 Nf6 25. Rd1 Rb8 26. Rd6 h6 27. Nxc6 a5 28. Nxb8 Qxb8 29. b5 Qc7 30. b6 Qc8 31. b7 Qxf5 32. b8Q+ Kh7 33. Qxf7 Qe5 34. Rd8 1-0